MDQL
is popping MORE tags! Check the
thread
!
Quizzes
Events
Quiz Creation
Community
Videos
Private Events
Remove Ads
Sign In
Join for FREE
Feedback
Dark Mode
Quiz Categories
Sports
Geography
Music
Movies
Television
Just For Fun
Miscellaneous
History
Literature
Language
Science
Gaming
Entertainment
Religion
Holiday
For Kids
Quiz Lab
Recent
Popular Today
Quiz Kudos Today
Editor Picks
Curator Picks
Quizzes by...
Day
Popularity
Type
Ratings
Length
Year
Community
Subscriptions
Recent Discussions
Orange Saloon
Badges
Playlists
Quests
Create
Leaderboards
Showdown
Live 5
Trivia Bingo
Activity
Puzzle Library
Sporcle Events
Private Events
Virtual Trivia
Globe League
Become a Host
Pub Owners
SporcleCon
Opinionation
Our Games
Videos
Blog
Mobile Apps
Partnerships
Remove Ads and Go Orange
Feedback
Sports
Athletes
MLB
NBA
NHL
NFL
Soccer
Sports Teams
WWE
NCAA
Football
Premier League
Basketball
Baseball
Hockey
Golf
Tennis
Cricket
Rugby
Auto Racing
Olympics
World Cup
Sports
Athletes
MLB
NBA
NHL
NFL
Soccer
Sports Teams
WWE
NCAA
Football
Premier League
Basketball
Baseball
Hockey
Golf
Tennis
Cricket
Rugby
Auto Racing
Olympics
World Cup
Random Quiz
Search Sporcle
×
Quiz Lab
Quiz Lab
Sports
NASCAR
Type in answers that appear in a list
Type in answers that appear in a list
Classic
Best Score? Go Orange.
NASCAR Drivers 2010 Stats
Can you name the NASCAR Drivers 2010?
By
Karbs
5m
43 Questions
69 Plays
69 Plays
69 Plays
Comments
Comments
Give Quiz Kudos
Give Quiz Kudos
-
- Ratings
hide this ad
Replay
Link that replays current quiz
Next Quiz
Link to next quiz in quiz playlist
You Got
0%
They Got
Avg Score
63%
Avg Friend Score
Upgrade to see
Score Distribution
Jump to the score distribution portion of the page
Score
0/43
Timer
05:00
0
Plays Today
Car #
Driver
% Correct
24
Jeff Gordon
95.7%
2
Kurt Busch
92.8%
18
Kyle Busch
91.3%
14
Tony Stewart
88.4%
99
Carl Edwards
87%
48
Jimmie Johnson
85.5%
5
Mark Martin
84.1%
7
Robby Gordon
82.6%
20
Joey Logano
78.3%
17
Matt Kenseth
76.8%
29
Kevin Harvick
76.8%
9
Kasey Kahne
75.4%
39
Ryan Newman
75.4%
88
Dale Earnhardt Jr
73.9%
11
Denny Hamlin
72.5%
16
Greg Biffle
72.5%
1
Jamie McMurray
71%
31
Jeff Burton
69.6%
33
Clint Bowyer
66.7%
42
Juan Pablo Montoya
65.2%
00
David Reutimann
63.8%
6
David Ragan
63.8%
Car #
Driver
% Correct
56
Martin Truex Jr
62.3%
12
Brad Keselowski
60.9%
83
Brian Vickers
60.9%
43
AJ Allmendinger
58%
82
Scott Speed
58%
71
Bobby Labonte
56.5%
19
Elliott Sadler
55.1%
21
Bill Elliott
52.2%
38
David Gilliland
52.2%
78
Regan Smith
52.2%
51
Michael Waltrip
52.2%
77
Sam Hornish Jr
50.7%
87
Joe Nemechek
49.3%
47
Marcos Ambrose
47.8%
55
Michael McDowell
47.8%
98
Paul Menard
46.4%
34
Travis Kvapil
42%
13
Max Papis
36.2%
26
Boris Said
31.9%
36
Mike Bliss
23.2%
37
Kevin Conway
20.3%
Quiz Playlist
Details
Report
Send in Message
Add To Playlist
Classic:
Type in answers that appear in a list
Last Updated: Feb 16, 2017
Quiz Scoreboard
CHALLENGE
Sign Up to Join the Scoreboard
Show All
Scores
Hide
Comments
May contain spoilers
Recently Published
Find the 'City' Movie
by crazypaving
Movies
60s
5x2 Blitz: Bands
by SL_Kpop136
Music
30s
Colored Red Africa Blitz
by spor1
Geography
30s
More to Explore
Quiz From the Vault
Featured Blog Post
14 Easter Pick-up Lines to Find Eggs With
hide this ad
You Might Also Like...
Tags
Driver
NASCAR
Nascar Driver
Today's Top Quizzes in Sports
Browse Sports
hide this ad
Today's Top Quizzes in NASCAR
Browse NASCAR
Top Contributed Quizzes in Sports
1
Les entraîneurs de l'OM et du PSG au 21e siècle
2
Les meilleurs buteurs des matchs entre le PSG et l’OM
3
Players with Multiple 50 Home Run Seasons
4
2022 World Cup Stars
5
Les joueurs passés par le PSG et l'OM
6
NBA Logic Puzzle 2.0
7
Criteria MLB: Left Handed Sluggers
8
MLB Players with Two .350 Batting Average Seasons
9
Top 10 NHL Goal Scorers of All Time
10
Who Hit More Homers?
Explore More
Trending Topics
Marvel
Harry Potter
Crossword
NBA
Disney
Anime
Kpop
WWE
Song
NFL
The Office
Puzzle
Pokémon
Country
Soccer
hide this ad
More By:
Karbs
Quiz
Plays
Rating
Category
Featured
Created
NASCAR Drivers 2010
69
2.00
Sports
Mar 11, 2010
NASCAR Nationwide Series Champions
34
Sports
Mar 11, 2010
Go to Creator's Profile
Score Distribution
Quiz Creator Spotlight
Karbs
Follow
Send a Message
Quizzes Created
-
Created Quiz Play Count
-
More By This Creator
Popular Quizzes Today
1
Colored Red Africa Blitz
2
Find the 'City' Movie
3
Find the US States - No Outlines Minefield
4
5x2 Blitz: Bands
5
The Countries of the World
6
Find the US States
7
US States
8
Find the Countries of Europe - No Outlines Minefield
More Sports Quizzes
Any NFL Team Besides the Eagles
Published
Trending Quizzes
Colored Red Europe Blitz I
Colored Red Africa Blitz II
Colored Red Europe Blitz II
Colored Red Africa Blitz III
Colored Red Europe Blitz III
Recently Updated
How Do You Spell That?
pecheneg
Godzilla Movies
pecheneg
Grab Bag: 4-10 Letters
pecheneg
2024 March Madness Bracket
pecheneg
Famous TV Couples
Peacemaker
Champions League XIs: Real Madrid
pecheneg
Largest US Cities 1790-2010
pecheneg
Rides in Walt Disney World
pecheneg
Most Oscar Losses (Acting)
pecheneg
Beyoncé Albums
pecheneg
Trending Topics
Kpop
Harry Potter
Marvel
Crossword
Disney
Anime
NBA
Soccer
Country
Puzzle
Song
NFL
WWE
Pokémon
The Office
Your Account Isn't Verified!
In order to create a playlist on Sporcle, you need to verify the email address you used during registration. Go to your
Sporcle Settings
to finish the process.
Report this User
Report this user for behavior that violates our
Community Guidelines
.
Details:
Send Report
Go to the Sporcle.com Mobile Site →
Comments